Vznik povinnosti zostaviť konsolidovanú účtovnú závierku podľa súčasnej právnej úpravy v Slovenskej republike

Kritériá pre vznik zostaviť konsolidovanú účtovnú závierku podľa zákona č. 431/2002 Z.z. o účtovníctve v znení neskorších predpisov. Ilustračné príklady.

Salvato in:
Dettagli Bibliografici
Autore principale: Hornická, Renáta, 1977-
Natura: Capitolo di libro
Lingua:slovacco
Soggetti:
Tags: Aggiungi Tag
Nessun Tag, puoi essere il primo ad aggiungerne!!

MARC

LEADER 00000naa a2200000 4500
001 0241655
005 20240502073933.2
041 0 |a slo 
044 |a SK 
245 1 0 |a Vznik povinnosti zostaviť konsolidovanú účtovnú závierku podľa súčasnej právnej úpravy v Slovenskej republike  |c Renáta Hornická 
520 |a Kritériá pre vznik zostaviť konsolidovanú účtovnú závierku podľa zákona č. 431/2002 Z.z. o účtovníctve v znení neskorších predpisov. Ilustračné príklady. 
610 2 0 |a zákony 
610 2 0 |a Slovensko 
610 2 0 |a jednotka účtovná 
610 2 0 |a závierka účtovná konsolidovaná 
610 2 0 |a pravidlá účtovné 
100 1 |a Hornická, Renáta, 1977-